000 00496nam a2200181Ia 4500
003 GCL
008 140319s9999 xx 000 0 eng d
040 _aGCL /
_cGCL
082 0 4 _a792.09
_bK D
100 1 _aKING, BRUCE . M
245 1 0 _aDEREK WALCOTT AND WIST INDIAN DRAMA /
_cKING, BRUCE . M
260 _a[S.N] :
_bCLARENDON PRESS ،
_c1995
300 _a410 P
650 0 4 _aTHEATER - HISTORY AND CRITICISM
650 0 4 _aTRINIDAD THEATER WORKSHOP
650 0 4 _aWALCOTT
942 _2ddc
_cBK
999 _c24198
_d24198